000 00293nam a2200121Ia 4500
008 191201s2013 xx 000 0 und d
100 _aARORA, K C
245 0 _aTotal Quality Management
260 _aN. Delhi
_bKataria & Sons
_c2013
300 _a1316
650 _aB.Tech(ME)
942 _2ddc
_cBK
999 _c6037
_d6037